Estadísticas para Purpurina letra

Haz click aquí para intentar la prueba.

Estadísticas generales

  • Esta prueba ha sido intentada 37 veces
  • La puntuación promedio es 325 de 387

Estadísticas de respuestas

Respuesta% Correcto
A
100%
a
100%
calle
100%
cocaína
100%
de
100%
el
100%
es
100%
gambina
100%
La
100%
la
100%
100%
mi
100%
No
100%
no
100%
purpurina
100%
Estribillo | Pre-estribilloY
100%
y
100%
adoro
96%
camina
96%
cómo
96%
ella
96%
lo
96%
par
96%
para
96%
Para
96%
por
96%
que
96%
quiero
96%
Quiero
96%
se
96%
su
96%
tiene
96%
Tiene
96%
96%
tu
96%
veo
96%
adicción
93%
esa
93%
o
93%
ser
93%
te
93%
Ya
93%
ya
93%
Yo
93%
esnifar
89%
gloss
89%
lamer
89%
puedo
89%
con
85%
un
85%
ver
85%
bebido
81%
grande
81%
He
81%
pequeño
81%
poco
81%
tengo
81%
tienes
81%
algo
78%
apenas
78%
cama
78%
gyal
78%
le
78%
me
78%
si
78%
IntroSi
78%
estás
74%
Hablo
74%
poquito
74%
sostenerme
74%
buena
70%
casi
70%
daño
70%
demasiado
70%
depilas
70%
diseño
70%
dueño
70%
hacer
70%
Intuyo
70%
nena
70%
pongo
70%
problema
70%
quema
70%
voy
70%
aceite
67%
bengala
67%
corporal
67%
en
67%
extintor
67%
gambino
67%
Gambino
67%
tigresa
67%
Trae
67%
verte
67%
descansar
63%
estilo
63%
mañana
63%
necesito
63%
resbala
63%
todo
63%
chaval
59%
gustas
59%
Hoy
59%
más
59%
nada
59%
normal
59%
veremos
59%
edad
56%
estoy
56%
hecho
56%
dos
52%
hazte
52%
sacas
52%
desfasar
48%
Destrozas
48%
parar
48%
quieres
48%
toda
48%
Échale
44%
peñita
44%
cada
41%
cuesta
41%
así
37%
día
37%
expulso
37%
eyacular
37%
pero
37%
Verso 1Tumbada
37%
aún
33%
Consigo
33%
recargar
33%
esfuerzo
30%
gambinos
30%
hago
30%
repetimos
30%
ahí
26%
Alberto
22%
llamo
22%
los
22%
intestinos
19%
tiraré
15%
It's
7%
big
4%
masoquial
4%
june
0%
Miss
0%

Distribución de puntuación

Porcentaje por número respondido

Porcentaje de gente con cada puntuación

Historial de tus puntuaciones

No has intentado esta prueba.